| Tag |
First Indicator |
Second Indicator |
Subfields |
| LEADER |
00000cam a2200000 a 4500 |
| 001 |
in00000653313 |
| 005 |
20151015072632.0 |
| 008 |
791220s1979 dcua b f00110 engm |
| 010 |
|
|
|a 79064185
|
| 035 |
|
|
|a (OCoLC)05378836
|
| 035 |
|
|
|9 ACX0399AM
|
| 040 |
|
|
|a DLC
|c DLC
|d m.c.
|d TXA
|d UtOrBLW
|
| 049 |
|
|
|a TXAM
|c 1 [1800341], 2 [1500257]
|
| 050 |
0 |
0 |
|a SB317.L43
|b N37 1979
|
| 082 |
0 |
|
|a 633.3
|
| 110 |
2 |
|
|a National Research Council (U.S.).
|b Advisory Committee on Technology Innovation.
|
| 245 |
1 |
0 |
|a Tropical legumes :
|b resources for the future : report of an ad hoc panel of the Advisory Committee on Technology Innovation, Board on Science and Technology for International Development, Commission on International Relations, National Research Council.
|
| 264 |
|
1 |
|a Washington, D.C. :
|b National Academy of Sciences,
|c 1979.
|
| 300 |
|
|
|a x, 332 pages :
|b illustrations (some color) ;
|c 23 cm.
|
| 336 |
|
|
|a text
|b txt
|2 rdacontent
|
| 337 |
|
|
|a unmediated
|b n
|2 rdamedia
|
| 338 |
|
|
|a volume
|b nc
|2 rdacarrier
|
| 504 |
|
|
|a Includes bibliographies and index.
|
| 536 |
|
|
|a This book is given through the estate of M. D. Bert Wheeler, College Station Texas, 1999.
|
| 650 |
|
0 |
|a Legumes
|z Tropics.
|
| 650 |
|
0 |
|a Tropical crops.
|
| 948 |
|
|
|a C:BLW
|d 20041115
|
| 999 |
|
|
|a MARS
|
| 999 |
f |
f |
|s 21955761-a7d4-3c8c-8e61-8363f9a11c8d
|i 3aea96c4-1066-344b-b2ca-a95979d50c88
|t 0
|
| 952 |
f |
f |
|p ric
|a Texas A&M University
|b Rellis Campus
|c Joint Library Facility
|d Remote Storage
|t 0
|e SB317.L43 N37 1979
|h Library of Congress classification
|i unmediated -- volume
|m A14805198889
|
| 998 |
f |
f |
|a SB317.L43 N37 1979
|t 0
|l Remote Storage
|